000 00687cab a2200277 4500
001 ABS60593
008 090401t1999 xxu||||| |||| 00| 0 eng d
035 _a(Sirsi) u93054
041 _aeng
245 _aRenewable energy: government consultation paper
260 _c1999
350 _a0
490 _aFarm Development Review
_v13 (4) February 1999, 6-7(2)
650 _aCONSULTATION PAPERS
650 _aDTI
650 _aENERGY CROPS
650 _aENERGY TARGETS
650 _aMISCANTHUS
650 _aPLANNING CONSENT
650 _aRENEWABLE ENERGY
650 _aSUBSIDIES
650 _aWILLOW
690 _aRURAL PRACTICE
942 _n0
948 _c29/04/1999
999 _c58977
_d58977